100 years of DAR in Morgan County : (Record no. 2422)

000 -LEADER
fixed length control field 01051cam a2200277 i 4500
003 - CONTROL NUMBER IDENTIFIER
control field OSt
005 - DATE AND TIME OF LATEST TRANSACTION
control field 20210709085225.0
008 - FIXED-LENGTH DATA ELEMENTS--GENERAL INFORMATION
fixed length control field 150324s2009 coua b 001 0deng
020 ## - INTERNATIONAL STANDARD BOOK NUMBER
International Standard Book Number 9780982436806 (spiral bound)
020 ## - INTERNATIONAL STANDARD BOOK NUMBER
International Standard Book Number 0982436807 (spiral bound)
040 ## - CATALOGING SOURCE
Transcribing agency DLC
042 ## - AUTHENTICATION CODE
Authentication code pcc
043 ## - GEOGRAPHIC AREA CODE
Geographic area code n-us-co
050 00 - LIBRARY OF CONGRESS CALL NUMBER
Classification number E202
Item number .A15 2009
245 00 - TITLE STATEMENT
Title 100 years of DAR in Morgan County :
Remainder of title Fort Morgan Chapter, National Society Daughters of the American Revolution, 1909-2009 /
Statement of responsibility, etc. compiled and edited by Marian Murray McClain Robertson.
264 #1 - PRODUCTION, PUBLICATION, DISTRIBUTION, MANUFACTURE, AND COPYRIGHT NOTICE
Place of production, publication, distribution, manufacture Loveland, Colorado :
Name of producer, publisher, distributor, manufacturer Markei Publishing, LLC,
Date of production, publication, distribution, manufacture, or copyright notice [2009]
300 ## - PHYSICAL DESCRIPTION
Extent 276 pages :
Other physical details illustrations ;
Dimensions 28 cm
336 ## - CONTENT TYPE
Content type term text
Content type code txt
Source rdacontent
337 ## - MEDIA TYPE
Media type term unmediated
Media type code n
Source rdamedia
338 ## - CARRIER TYPE
Carrier type term volume
Carrier type code nc
Source rdacarrier
504 ## - BIBLIOGRAPHY, ETC. NOTE
Bibliography, etc. note Includes bibliographical references (pages 269-270) and index.
700 3# - ADDED ENTRY--PERSONAL NAME
Personal name Robertson, Marian Murray McClain.
906 ## - LOCAL DATA ELEMENT F, LDF (RLIN)
a 7
b cbc
c orignew
d 2
e ncip
f 20
g y-gencatlg
942 ## - ADDED ENTRY ELEMENTS (KOHA)
Source of classification or shelving scheme
Koha item type Book
Suppress in OPAC DO
Holdings
Withdrawn status Lost status Source of classification or shelving scheme Damaged status Not for loan Permanent Location Current Location Shelving location Date acquired Total Checkouts Full call number Barcode Date last seen Price effective from Koha item type Public note
          AU LIBRARY AU LIBRARY Open Shelf 09.07.2021   RB43 .A15 2009 28004044 09.07.2021 09.07.2021 Book DO

Powered by Koha